000 00573cam a2200169 a 4500
020 _a0412992019 :
082 0 0 _a625.8
_bSHA
_cL-NUST, P-40
100 1 _aShahin, Mohamed Y.
_943872
245 1 0 _aPavement management for airports, roads, and parking lots /
_cM.Y. Shahin.
260 _aNew York :
_bChapman & Hall,
_cc1994.
300 _axiv, 450 p. :
_bill. ;
_c24 cm.
526 _a0
_b0
_c0
_d625_800000000000000_SHA
650 0 _aNUST
_96342
650 0 _aPavements
_xMaintenance and repair
_xManagement.
_921695
650 0 _aPavements
_xManagement.
_943873
942 _2ddc
_cBK
999 _c547732
_d547732